000 01312nam0a22002771 4500
001 rc\4285329
005 20130416122815.4
035 _a(NLR Aleph) 008249025
090 _a8323963
_c8323963
100 _a20130416d1965 |||y0rusy50 ca
101 0 _arus
102 _aRU
105 _aa z |||||
200 1 _aШлифование сферических поверхностей твердосплавного штампового инструмента алмазными кругами
_fГос. ком. Совета Министров РСФСР по координации науч.-исслед. работ. Гос. науч.-исслед. ин-т науч. и техн. информации. ГОСИНТИ
210 _aМосква
_cБ. и.
_d1965
215 _a5 с.
_cсхем.
_d14
225 1 _aПередовой научно-технический и производственный опыт
_v№ 6-65-628/209
300 _aПеред загл. авт.: Г.Е. Аристакесьян, Н.Н. Першикова, А.А. Золотарев
700 1 _aАристакесьян
_bГ. Е.
701 1 _aПершикова
_bН. Н.
701 1 _aЗолотарев
_bА. А.
801 0 _aRU
_bNLR
_gpsbo
801 1 _aRU
_bELAR
_2rusmarc
852 _aNLR
_jП11/2295
942 _cBOOK
980 _aNB